00451nam a22001337a 4500003000500000038001800005082000800023100001700031245011500048264003500163650003000198700003100228856005800259NUST aNusrat Nadeem a200 aJaved, Saman aAssessing the Effectiveness of Open-Source Vulnerability Testing Tools for Mobile App Security/cSaman Javed,  aIslamabad:bSEECS NUST.c2025. aMS- Information Security  aSupervisor: Dr. Sana Qadir u http://10.250.8.41:8080/xmlui/handle/123456789/54357